000 00903nam a22002537a 4500
001 9184
003 FISKH
005 20251128081920.0
008 251127b cb ||||| |||| 00| 0 eng d
020 _a9781842500866
040 _aFISKH
_beng
_cFISKH
_dFISKH
082 _a823.914
100 _aBaxter, Nicola
245 _aOld MacDonald had some ducks /
_cWritten by Nicola Baxter ; Illustrated by Caroline Davis
260 _aQueen Street :
_bBright Sparks,
_c2000.
300 _a32 unnumbered pages :
_bcolor illustrations ;
_c24 cm
505 _aO
520 _aOld MacDonald's ducks are the most troublesome animals on the farm -- if they are not squawking and squabbling, you can be sure that they are up to some kind of mischief
521 8 _a600
_bLexile estimate
521 8 _aO
_bRaz-Plus
700 _aDavis, Caroline
_eillustrator
942 _2ddc
_cBK
_n0
999 _c9184
_d9184